Sports Quiz

Random Sports or Baseball Quiz

Opening Day Lineups: Royals Quiz Stats

 Plays Quiz Updated Apr 4, 2019

Score 0/290 Timer 19:00
9 Plays Today
Year Player % Correct
1991George Brett
85.3%
1993George Brett
85.3%
1992George Brett
85.3%
2015Salvador Perez
84.8%
2014Salvador Perez
84.7%
2015Eric Hosmer
84.7%
2014Alex Gordon
84.4%
2014Eric Hosmer
84.3%
2016Salvador Perez
83.9%
2013Alex Gordon
83.8%
2016Eric Hosmer
83.7%
2015Alex Gordon
83.6%
2011Alex Gordon
83.5%
2012Alex Gordon
83.5%
2013Eric Hosmer
82.5%
2013Salvador Perez
82.5%
2015Mike Moustakas
82.4%
2014Mike Moustakas
82.1%
2016Alex Gordon
81.8%
2017Salvador Perez
81.6%
2015Lorenzo Cain
81.6%
2012Eric Hosmer
81.4%
2017Eric Hosmer
81.3%
2019Alex Gordon
81.1%
2016Mike Moustakas
81.1%
2014Lorenzo Cain
80.4%
2016Lorenzo Cain
80.2%
2013Mike Moustakas
80.1%
2017Mike Moustakas
79.1%
2017Alex Gordon
79.1%
2012Mike Moustakas
78.7%
2009Alex Gordon
77.9%
2008Alex Gordon
77.9%
2007Alex Gordon
77.9%
2011Billy Butler
77.9%
2012Billy Butler
77.9%
2017Lorenzo Cain
77.7%
2015Alcides Escobar
77.6%
2013Billy Butler
77.5%
2014Alcides Escobar
77.4%
2010Zack Greinke
76.7%
2009Billy Butler
76.6%
2008Billy Butler
76.6%
2010Billy Butler
76.4%
2013Lorenzo Cain
76.2%
2014Billy Butler
76.1%
2016Alcides Escobar
76%
2018Alex Gordon
75.8%
2018Mike Moustakas
75.3%
2013Alcides Escobar
75.1%
2007Mike Sweeney
74%
2006Mike Sweeney
74%
2005Mike Sweeney
74%
2004Mike Sweeney
74%
2003Mike Sweeney
74%
2002Mike Sweeney
74%
2001Mike Sweeney
74%
2000Carlos Beltran
74%
2000Mike Sweeney
74%
1999Carlos Beltran
74%
1998Mike Sweeney
74%
2004Carlos Beltran
74%
2002Carlos Beltran
74%
2001Carlos Beltran
74%
2012Lorenzo Cain
73.7%
2011Alcides Escobar
73.6%
2012Alcides Escobar
73.6%
2017Alcides Escobar
73%
2000Johnny Damon
71.9%
1999Johnny Damon
71.9%
1998Johnny Damon
71.9%
1996Johnny Damon
71.9%
2018Alcides Escobar
68.6%
2014James Shields
67.8%
2013James Shields
67.6%
2015Kendrys Morales
67.2%
2019Whit Merrifield
66.1%
2016Kendrys Morales
65.4%
2000Jermaine Dye
63.6%
1999Jermaine Dye
63.6%
1997Jermaine Dye
63.6%
2001Jermaine Dye
63.6%
2015Yordano Ventura
63.1%
2014Omar Infante
60.7%
2015Omar Infante
60.5%
2019Adalberto Mondesi
59.6%
2002Neifi Perez
59.1%
2016Omar Infante
57.2%
2009David DeJesus
56.8%
2008David DeJesus
56.8%
2007David DeJesus
56.8%
2006David DeJesus
56.8%
2005David DeJesus
56.8%
2010David DeJesus
56.7%
2018Whit Merrifield
55.8%
2015Alex Rios
55.4%
2000Brian Johnson
55.3%
Year Player % Correct
2019Jorge Soler
55%
1991Bret Saberhagen
55%
2016Edinson Volquez
54.9%
2017Danny Duffy
54.8%
1996Kevin Appier
53.3%
1999Kevin Appier
53.3%
1997Kevin Appier
53.3%
1995Kevin Appier
53.3%
1994Kevin Appier
53.3%
1993Kevin Appier
53.3%
1992Kevin Appier
53.3%
2019Billy Hamilton
53.2%
2018Danny Duffy
53.2%
2009Jose Guillen
53.1%
2008Jose Guillen
53.1%
2009Gil Meche
52.5%
2008Gil Meche
52.5%
2007Gil Meche
52.5%
2010Jose Guillen
52.4%
2014Norichika Aoki
51.8%
2012Brayan Pena
51.3%
2004Juan Gonzalez
50.6%
2008John Buck
49.9%
2007John Buck
49.9%
2006John Buck
49.9%
2005John Buck
49.9%
2008Tony Pena, Jr.
49.8%
2007Tony Pena, Jr.
49.8%
2017Adalberto Mondesi
49%
2006Angel Berroa
48.5%
2005Angel Berroa
48.5%
2004Angel Berroa
48.5%
2003Angel Berroa
48.5%
2004Joe Randa
48.3%
2003Joe Randa
48.3%
2002Joe Randa
48.3%
2001Joe Randa
48.3%
2000Joe Randa
48.3%
1999Joe Randa
48.3%
2008Mark Grudzielanek
47.5%
2007Mark Grudzielanek
47.5%
2006Mark Grudzielanek
47.5%
2011Jeff Francoeur
47.4%
2012Jeff Francoeur
47.4%
2003Runelvys Hernandez
47.3%
2013Jeff Francoeur
46.7%
2018Jorge Soler
46.6%
2019Hunter Dozier
46%
2011Melky Cabrera
45.4%
1994Brian McRae
44.6%
1993Brian McRae
44.6%
1992Brian McRae
44.6%
1991Brian McRae
44.6%
2009Mark Teahen
43.4%
2008Mark Teahen
43.4%
2007Mark Teahen
43.4%
2006Mark Teahen
43.4%
2005Mark Teahen
43.4%
2006Emil Brown
43.4%
2010Yuniesky Betancourt
43.4%
2001Dee Brown
43.4%
2018Lucas Duda
43.4%
2013Chris Getz
43.1%
2011Chris Getz
43%
2010Jason Kendall
42.4%
2019Martin Maldonado
41.1%
2017Paulo Orlando
40.9%
1997Jay Bell
40.2%
2012Yuniesky Betancourt
39.9%
2017Brandon Moss
38.9%
1996Mike Macfarlane
38.8%
1994Mike Macfarlane
38.8%
1992Mike Macfarlane
38.8%
1991Mike Macfarlane
38.8%
2001Rey Sanchez
38.5%
2000Rey Sanchez
38.6%
1999Rey Sanchez
38.6%
2010Chris Getz
38.4%
2012Bruce Chen
38.1%
1999Jeff King
38%
1998Jeff King
38%
1997Jeff King
38%
2019Brad Keller
38%
2004Brian Anderson
37.9%
1991Kevin Seitzer
37.6%
1991Danny Tartabull
37.6%
2018Drew Butera
36.9%
1998Felix Martinez
36.6%
2006Reggie Sanders
35.9%
2011Luke Hochevar
35.7%
1995Gary Gaetti
35.4%
1994Gary Gaetti
35.4%
2003Raul Ibanez
35.2%
2002Raul Ibanez
35.2%
1995Wally Joyner
35%
1994Wally Joyner
35%
1993Wally Joyner
35%
Year Player % Correct
1992Wally Joyner
35%
2009Mike Aviles
34.7%
1996Bob Hamelin
34.4%
1995Bob Hamelin
34.4%
1994Bob Hamelin
34.4%
2009Miguel Olivo
34.2%
2003Brent Mayne
33.4%
2002Brent Mayne
33.4%
1995Brent Mayne
33.4%
1993Brent Mayne
33.4%
2000Carlos Febles
33.3%
1999Carlos Febles
33.3%
2003Carlos Febles
33.3%
2002Carlos Febles
33.3%
2001Carlos Febles
33.3%
1995Michael Tucker
32.5%
2003Michael Tucker
32.5%
2002Michael Tucker
32.5%
1996Michael Tucker
32.5%
2010Scott Podsednik
32.4%
2011Mike Aviles
32%
2018Jon Jay
31.9%
2004Benito Santiago
31.8%
2010Rick Ankiel
31.7%
1993Keith Miller
31.2%
1992Keith Miller
31.2%
2009Coco Crisp
30.7%
1995Greg Gagne
30.4%
1994Greg Gagne
30.4%
1993Greg Gagne
30.4%
2004Ken Harvey
30.1%
2003Ken Harvey
30.1%
2019Chris Owings
29.8%
1998Dean Palmer
29.8%
2009Mike Jacobs
29.6%
2002Jeff Suppan
29.2%
2001Jeff Suppan
29.2%
2000Jeff Suppan
29.2%
2016Reymond Fuentes
29.1%
1998Jose Offerman
29%
1997Jose Offerman
29%
1996Jose Offerman
29%
2018Cheslor Cuthbert
28.5%
1995Jose 'Chico' Lind
28.1%
1994Jose 'Chico' Lind
28.1%
1993Jose 'Chico' Lind
28.1%
2005Matt Stairs
27.9%
1997Bip Roberts
27.8%
1996Bip Roberts
27.8%
2002Chuck Knoblauch
27.1%
1993Kevin McReynolds
26.9%
1992Kevin McReynolds
26.9%
2005Jose Lima
26.5%
1992Gregg Jefferies
26.4%
1997Tom Goodwin
26%
1996Tom Goodwin
26%
1995Tom Goodwin
26%
1994Vince Coleman
25.6%
1998Hal Morris
25.4%
2010Willie Bloomquist
24.6%
2006Doug Mientkiewicz
23.7%
2008Ross Gload
23.7%
2007Ross Gload
23.7%
2019Frank Schwindel
23.5%
1995Felix Jose
23.3%
1993Felix Jose
23.3%
2001Mark Quinn
23.3%
2000Mark Quinn
23.3%
1991Kurt Stillwell
23.3%
2011Kila Ka'aihue
23.1%
2011Matt Treanor
23.1%
2005Terence Long
22.3%
1991Kirk Gibson
22.2%
1994Dave Henderson
22%
2001Hector Ortiz
21.8%
1992David Howard
21.4%
2004Aaron Guiel
20.1%
2006Scott Elarton
19.5%
1992Terry Shumpert
19.5%
1991Terry Shumpert
19.5%
2007Ryan Shealy
19.4%
2004Desi Relaford
19%
1998Tim Belcher
18.6%
2005Calvin Pickering
18.5%
2005Ruben Gotay
17.6%
1998Terry Pendleton
17.5%
1996Keith Lockhart
15.9%
1991Gary Thurman
15.9%
1997Joe Vitiello
15.6%
1996Joe Vitiello
15.6%
1997Craig Paquette
15.4%
2003Brandon Berger
14.2%
1999Larry Sutton
14.2%
1998Larry Sutton
14.2%
1999Chad Kreuter
14.2%
1997Tim Spehr
13%

You're not logged in!

Compare scores with friends on all Sporcle quizzes.
OR
Log In

Sporcle TV

Today on Sporcle TV


Watch our educational content, quiz creation guides, and fun videos on Sporcle TV.

Show Comments

Extras

Top Quizzes Today


Score Distribution

Your Account Isn't Verified!

In order to create a playlist on Sporcle, you need to verify the email address you used during registration. Go to your Sporcle Settings to finish the process.

Report this User

Report this user for behavior that violates our Community Guidelines.

Details: